[Event "Marianske Lazne op 18th"]
[Site "Marianske Lazne"]
[Date "2019.01.22"]
[Round "5"]
[White "Efendieva, Alina"]
[Black "Shevtsova, Stefania"]
[Result "0-1"]
[WhiteElo "1853"]
[BlackElo "1457"]
[PlyCount "78"]
[EventDate "2019.01.19"]
[EventType "swiss"]
[EventRounds "9"]
[EventCountry "CZE"]
[SourceTitle "CBM 188 Extra"]
[Source "ChessBase"]
[SourceDate "2019.02.26"]
[SourceVersion "1"]
[SourceVersionDate "2019.02.26"]
[SourceQuality "1"]

1. e4 c6 2. d4 d5 3. e5 Bf5 4. h4 h5 5. c4 e6 6. Nc3 Be7 7. g3 Bg4 8. f3 Bf5 9. Be3 Nd7 10. Rc1 Nh6 11. Bf2 0-0 12. Be2 dxc4 13. Bxc4 Nb6 14. Be2 Nd5 15. g4 hxg4 16. fxg4 Bh7 17. g5 Nf5 18. Nh3 Qb6 19. Qd2 Rad8 20. 0-0 Nb4 21. a3 Nd5 22. Nxd5 Rxd5 23. Bf3 Rd7 24. Rfd1 Rfd8 25. d5 Qb3 26. Rc3 Qa4 27. b3 Qxa3 28. d6 Nxd6 29. exd6 Rxd6 30. Qc1 Rxd1+ 31. Bxd1 Qxc1 32. Rxc1 Ba3 33. Ra1 Bb2 34. Rxa7 Rxd1+ 35. Kg2 Be4+ 36. Kg3 Be5+ 37. Nf4 Rd3+ 38. Kg4 Bxf4 39. Kh5 g6+ 0-1

[Event "Voronezh op-B 22nd"]
[Site "Voronezh"]
[Date "2018.06.19"]
[Round "8"]
[White "Efendieva, Alina"]
[Black "Shoshin, Kirill"]
[Result "0-1"]
[WhiteElo "1727"]
[BlackElo "1938"]
[PlyCount "46"]
[EventDate "2018.06.12"]
[EventType "swiss"]
[EventRounds "9"]
[EventCountry "RUS"]
[SourceTitle "CBM 185 Extra"]
[Source "ChessBase"]
[SourceDate "2018.07.29"]
[SourceVersion "1"]
[SourceVersionDate "2018.07.29"]
[SourceQuality "1"]

1. e4 e6 2. d4 d5 3. Nc3 Nf6 4. e5 Nfd7 5. f4 c5 6. Nf3 Nc6 7. Be3 cxd4 8. Nxd4 Bc5 9. Qd2 Bxd4 10. Bxd4 Nxd4 11. Qxd4 Qb6 12. Qd2 f6 13. 0-0-0 fxe5 14. fxe5 0-0 15. Re1 Rf5 16. Nxd5 exd5 17. Qxd5+ Kh8 18. e6 Rxd5 19. e7 Qh6+ 20. Kb1 Rd1+ 21. Rxd1 Qe6 22. Bb5 Qxe7 23. Rhe1 Qf8 0-1

[Event "World School-ch U13 Girls"]
[Site "Sochi"]
[Date "2016.12.06"]
[Round "4"]
[White "Efendieva, Alina"]
[Black "Nanditha, V."]
[Result "1-0"]
[WhiteElo "1629"]
[BlackElo "1528"]
[PlyCount "123"]
[EventDate "2016.12.03"]
[EventType "swiss"]
[EventRounds "9"]
[EventCountry "RUS"]
[SourceTitle "EXT 2018"]
[Source "ChessBase"]
[SourceDate "2017.10.13"]
[SourceVersion "1"]
[SourceVersionDate "2017.10.13"]
[SourceQuality "1"]

1. e4 c6 2. d4 d5 3. Nc3 dxe4 4. Nxe4 Bf5 5. Ng3 Bg6 6. h4 h6 7. Nf3 Nd7 8. h5 Bh7 9. Bd3 Bxd3 10. Qxd3 e6 11. Bd2 Ngf6 12. 0-0-0 Be7 13. Ne4 Nxe4 14. Qxe4 Nf6 15. Qe2 Qb6 16. g3 0-0-0 17. c4 Kb8 18. c5 Qb5 19. Qxb5 cxb5 20. Bf4+ Ka8 21. Ne5 Rhf8 22. Kb1 Nd5 23. Bd2 Bf6 24. Nf3 Rc8 25. Rc1 Rfd8 26. Rhd1 b6 27. b4 Kb7 28. a3 bxc5 29. dxc5 Kc6 30. g4 Rd7 31. Kc2 Rcd8 32. g5 hxg5 33. Bxg5 Bxg5 34. Nxg5 Rh8 35. Nf3 Rxh5 36. Nd4+ Kc7 37. Nxb5+ Kb8 38. Kb1 a6 39. c6 Rc7 40. Nxc7 Kxc7 41. a4 Rh4 42. Rd2 Rxb4+ 43. Rb2 Rxb2+ 44. Kxb2 Nb4 45. Kb3 Nxc6 46. Rh1 Kd6 47. Rh7 Nd4+ 48. Kb4 Nf5 49. Ka5 f6 50. Kxa6 g5 51. Kb6 Ne7 52. Rxe7 Kxe7 53. a5 Kd6 54. a6 Ke5 55. a7 Kf4 56. a8Q f5 57. Qg2 g4 58. Qg3+ Kg5 59. Qe3+ Kf6 60. Kc6 e5 61. Qh6+ Ke7 62. Kd5 1-0